000 00375nam a2200169Ia 4500
008 220531s9999 xx 000 0 und d
041 _aeng
082 _bLAL
100 _aLal, Ramji
_940144
245 _aHamlet
260 _bRama
_c1999
300 _a608
542 _d10-11-1998
650 _aEnglish
_940145
906 _d1998-1999
_f6797
999 _c24147
_d24147